000 00613nam a22002177a 4500
003 UA-OsUOA
001 59135
007 ta
008 20090311b un ||||| |||| 00| 0 ukr d
100 _aГайбонюк В.
090 _a94(477)
_bГ14
942 _cSA
040 _aUA-OsUOA
_bukr
_cUA-OsUOA
_dUA-OsUOA
245 _aІсторична довідка про Тараса Бульбу-Боровця
300 _aС.9
955 _a0
041 _aukr
080 _a94(477)
773 0 _w59134
_tВолинь
_dРівне
_d2009
_g9
650 7 _a9 Географія. Біографії. Історія
_2UDC
999 _c345220
_d345220